Vista normal Vista MARC

Entrada Materia (personas)

Número de registros utilizados en: 1

001 - CONTROL NUMBER

  • control field: 183526

003 - CONTROL NUMBER IDENTIFIER

  • control field: Co-BoUCM

005 - DATE AND TIME OF LATEST TRANSACTION

  • control field: 20241016102534.0

008 - FIXED-LENGTH DATA ELEMENTS

  • fixed length control field: 241016|| aca||aabn | a|a d

040 ## - CATALOGING SOURCE

  • Original cataloging agency: Co-BoUCM
  • Transcribing agency: Co-BoUCM

100 ## - HEADING--PERSONAL NAME

  • Personal name: Landívar, Rafael
  • Dates associated with a name: 1731-1793

670 ## - SOURCE DATA FOUND

  • Source citation: Work cat.: (Co-BoUCM): Landívar, Rafael 1731-1793, Rusticatio mexicana , 2001